000 00517nam a22001937a 4500
003 ASAB
005 20180827062700.0
008 161104t xxu||||| |||| 00| 0 eng d
020 _a978-93-80931-02-9
020 _a978-0-12-375089-1
040 _cASAB
082 _a628.5
100 _aDaniel A. Vallero
_94038
245 _aenvironmental biotechnology
_ba biosystems approach
260 _aIndia.
_bElsevier
_cc2010
300 _axix, 742 P.
630 _aEnvironmental Biotechnology
_94039
942 _2ddc
_cBK
999 _c480245
_d480245